Design pro skutečný svět /

Gespeichert in:
Bibliographische Detailangaben
1. Verfasser: Papanek, Victor
Format: Buch
Sprache:Tschechisch
Veröffentlicht: Praha : Vysoká škola uměleckoprůmyslová v Praze, UMPRUM, 2023
Ausgabe:1. vydanie
Schriftenreihe:Edice Katedra, 9. zv.
Schlagworte:
Tags: Tag hinzufügen
Keine Tags, Fügen Sie das erste Tag hinzu!

MARC

LEADER 00000nam a22000003a 4500
001 0112873
003 SK-STU
005 20241209151829.5
007 ta
008 241209s ----xo-----e------000-0-----d
020 |a 978-80-88308-85-0 
040 |a STU  |b slo 
041 0 |a cze 
044 |a xr 
100 1 |a Papanek, Victor 
245 1 0 |a Design pro skutečný svět /  |c Victor Papanek 
250 |a 1. vydanie 
260 |a Praha :  |b Vysoká škola uměleckoprůmyslová v Praze, UMPRUM,  |c 2023 
300 |a 346 s. 
490 0 |a Edice Katedra,  |v 9. zv. 
650 0 7 |a kultúrna rozmanitosť 
650 0 7 |a design 
650 0 7 |a dizajn produktový 
650 0 7 |a kritika 
650 0 7 |a sociálne komunity 
996 |b 284AU10115  |c A* 13429/U  |l AAKNAR  |s A  |a 24  |w 0112873_0001